[Event "Titled Tue 10th Jun Early"]
[Site "chess.com INT"]
[Date "2025.06.10"]
[Round "9"]
[White "Perry, Patrick"]
[Black "Murawski, Jan"]
[Result "0-1"]
[BlackTitle "CM"]
[WhiteElo "2296"]
[BlackElo "2164"]
[WhiteFideId "30917727"]
[BlackFideId "21009287"]
[EventDate "2025.06.10"]

1. e4 g6 2. d4 Bg7 3. Nc3 c5 4. Nf3 Qa5 5. Be3 Nf6 6. Qd2 Nc6 7. d5 Nb4 8. Kd1
d6 9. Bb5+ Bd7 10. Bxd7+ Nxd7 11. Ke2 b5 12. Rhc1 Nb6 13. a3 Na6 14. Nd1 Qxd2+
15. Nxd2 Nc7 16. c3 O-O 17. f3 f5 18. Nf2 a5 19. Nd3 Nc4 20. Nxc4 bxc4 21. Nf4
Rab8 22. Rc2 fxe4 23. fxe4 Rb7 24. Rf1 Rfb8 25. Bc1 Rf8 26. g3 Rf7 27. Nh3 Rxf1
28. Kxf1 e6 29. dxe6 Nxe6 30. Ke2 Rf7 31. Nf4 Ng5 0-1

[Event "Titled Tue 10th Jun Early"]
[Site "chess.com INT"]
[Date "2025.06.10"]
[Round "9"]
[White "Koridze, Lile"]
[Black "Birkisson, Bardur Orn"]
[Result "0-1"]
[WhiteTitle "WFM"]
[BlackTitle "FM"]
[WhiteElo "2110"]
[BlackElo "2280"]
[WhiteFideId "13612514"]
[BlackFideId "2310597"]
[EventDate "2025.06.10"]

1. d4 d5 2. c4 c6 3. e3 Nf6 4. Nf3 Bf5 5. Nc3 e6 6. Bd3 Bxd3 7. Qxd3 Be7 8. O-O
O-O 9. e4 dxe4 10. Nxe4 c5 11. Be3 Nbd7 12. Rfd1 Qc7 13. Rac1 cxd4 14. Bxd4 Rfd8
15. Nxf6+ Bxf6 16. b4 b6 17. Qc3 e5 18. Be3 e4 19. Nd4 Ne5 20. Nb5 Qe7 21. Bd4
a6 22. Na3 Rxd4 23. Rxd4 Nc6 24. Nc2 Nxd4 25. Nxd4 Rd8 26. Rd1 Qe5 27. c5 Rxd4
28. Qc2 Rxd1+ 29. Qxd1 bxc5 30. bxc5 Qa1 0-1

[Event "Titled Tue 10th Jun Early"]
[Site "chess.com INT"]
[Date "2025.06.10"]
[Round "9"]
[White "Masague Artero, Guerau"]
[Black "Kuzmin, Roman"]
[Result "1-0"]
[WhiteTitle "FM"]
[BlackTitle "FM"]
[WhiteElo "2326"]
[BlackElo "2203"]
[WhiteFideId "32098952"]
[BlackFideId "44134932"]
[EventDate "2025.06.10"]

1. e4 c5 2. Ne2 Nf6 3. Nbc3 d5 4. exd5 Nxd5 5. g3 Nxc3 6. Nxc3 Bd7 7. Bg2 Bc6 8.
O-O e6 9. d3 Be7 10. Ne4 O-O 11. Be3 Nd7 12. a4 Qc7 13. Re1 Rad8 14. Qe2 Rfe8
15. h4 Nf6 16. Bf4 e5 17. Bg5 Nd5 18. Bd2 f5 19. Ng5 Bf6 20. Qh5 h6 21. Nf3 Qc8
22. Ng5 Re7 23. Qg6 Rc7 24. Qh7+ Kf8 25. Bh3 Bd7 26. Qg6 hxg5 27. hxg5 Be7 28.
Rxe5 Bd6 29. Qxd6+ 1-0

[Event "Titled Tue 10th Jun Early"]
[Site "chess.com INT"]
[Date "2025.06.10"]
[Round "9"]
[White "Moinzai, Khushal"]
[Black "Thorhallsson, Simon"]
[Result "0-1"]
[WhiteTitle "FM"]
[BlackTitle "FM"]
[WhiteElo "1894"]
[BlackElo "2202"]
[WhiteFideId "11701200"]
[BlackFideId "2310090"]
[EventDate "2025.06.10"]

1. e4 g5 2. h4 g4 3. h5 h6 4. d4 d5 5. exd5 Nf6 6. c4 c6 7. Nc3 cxd5 8. cxd5
Nxd5 9. Bc4 Nxc3 10. bxc3 Qc7 11. Qb3 e6 12. Ne2 Bd6 13. O-O Nc6 14. Bd2 Bd7 15.
Bd3 Na5 16. Qc2 Nc4 17. Rfe1 Nxd2 18. Qxd2 Qa5 19. Qe3 Qxh5 20. g3 Qg5 21. Nf4
h5 22. Be4 h4 23. Bxb7 Rb8 24. Bg2 hxg3 25. fxg3 Qh6 26. c4 Rb2 27. Rab1 Bxf4 0-1

[Event "Titled Tue 10th Jun Early"]
[Site "chess.com INT"]
[Date "2025.06.10"]
[Round "9"]
[White "Kulnev, Aleksandr"]
[Black "Sturt, Raven"]
[Result "0-1"]
[WhiteTitle "CM"]
[BlackTitle "GM"]
[WhiteElo "2213"]
[BlackElo "2459"]
[WhiteFideId "54157544"]
[BlackFideId "2007304"]
[EventDate "2025.06.10"]

1. Nf3 f5 2. g3 Nf6 3. d4 g6 4. Bg2 Bg7 5. O-O O-O 6. c4 d6 7. Nc3 Qe8 8. d5 Na6
9. Nd4 Bd7 10. h4 Rc8 11. Bg5 c6 12. dxc6 bxc6 13. Nb3 Nc7 14. Be3 a6 15. Na5
Ne6 16. Na4 Ng4 17. Bd2 g5 18. e4 Bd4 19. Be1 Qh5 20. exf5 Rxf5 21. Nb3 gxh4 22.
Bh3 Rg5 23. Bd2 hxg3 24. Kg2 Nf4+ 25. Bxf4 Ne3+ 26. fxe3 Bxh3+ 27. Kg1 Bg4 28.
Qd2 Be2 29. Rf2 gxf2+ 30. Kxf2 Qf3+ 0-1

[Event "Titled Tue 10th Jun Early"]
[Site "chess.com INT"]
[Date "2025.06.10"]
[Round "9"]
[White "Yushko, Olga"]
[Black "Mata Gonzalez, Jose Fernando"]
[Result "1-0"]
[WhiteTitle "WFM"]
[BlackTitle "CM"]
[WhiteElo "2033"]
[BlackElo "2164"]
[WhiteFideId "14114500"]
[BlackFideId "5107423"]
[EventDate "2025.06.10"]

1. d4 Nf6 2. c4 d6 3. Nf3 g6 4. Nc3 Bg7 5. Bg5 O-O 6. e3 c6 7. Be2 Nbd7 8. O-O
Qc7 9. Qc2 e5 10. Rfd1 h6 11. Bh4 g5 12. Bg3 Nh5 13. Nxg5 hxg5 14. Bxh5 f5 15.
h3 f4 16. Bh2 Nf6 17. Bg6 f3 18. dxe5 dxe5 19. Bf5 fxg2 20. Bxc8 Raxc8 21. Qf5
Nh7 22. Qe6+ Qf7 23. Qxf7+ Rxf7 24. Kxg2 Rcf8 25. Ne4 Nf6 26. Nxg5 Re7 27. Rd6
Bh6 28. Nf3 Rg7+ 29. Bg3 Bxe3 30. Nxe5 Bxf2 31. Rxf6 Rxf6 32. Ng4 Rxg4 33. hxg4
Bxg3 34. Kxg3 Rd6 35. b3 Rd2 36. Kf4 Kf7 37. Kg5 b5 38. cxb5 cxb5 39. a3 a5 40.
Rf1+ Ke6 41. Rf5 b4 42. axb4 axb4 43. Rb5 Rd4 44. Kh5 Kf6 45. g5+ Kg7 46. Rb7+
Kf8 47. g6 Kg8 48. Kh6 Rh4+ 49. Kg5 Rd4 50. Kf5 Kf8 51. g7+ Kg8 52. Ke5 Rg4 53.
Kd5 Rg5+ 54. Kc4 Rg4+ 55. Kc5 Rg5+ 56. Kxb4 Rg4+ 57. Ka5 Rg2 58. b4 Ra2+ 59. Kb6
Rb2 60. b5 Rc2 61. Rc7 Ra2 62. Kb7 Rd2 63. b6 Rd8 64. Rc8 Kxg7 65. Rxd8 1-0

[Event "Titled Tue 10th Jun Early"]
[Site "chess.com INT"]
[Date "2025.06.10"]
[Round "9"]
[White "Petersson, Kjell"]
[Black "Khazan, Yevgeny"]
[Result "1-0"]
[WhiteTitle "CM"]
[BlackTitle "CM"]
[WhiteElo "2068"]
[BlackElo "2135"]
[WhiteFideId "1705148"]
[BlackFideId "2806193"]
[EventDate "2025.06.10"]

1. d4 Nf6 2. Bf4 g6 3. Nc3 d5 4. e3 Bg7 5. Nb5 Na6 6. Nc3 O-O 7. Bxa6 bxa6 8.
Be5 Rb8 9. b3 a5 10. Nge2 Ba6 11. f3 Bh6 12. Qd2 Nd7 13. Bf4 Bg7 14. h4 e5 15.
dxe5 Nxe5 16. h5 c6 17. O-O-O Qe7 18. Kb1 a4 19. hxg6 fxg6 20. Bh6 axb3 21. axb3
Nc4 22. Qc1 Bxh6 23. Rxh6 Nxe3 24. Rdh1 Rf7 25. Nd4 Qb7 26. Qxe3 c5 27. Nde2 d4
28. Nxd4 cxd4 29. Qxd4 Rc8 30. f4 Qc6 31. R1h3 Qxg2 32. Kb2 Rcc7 33. Rh2 Qg4 34.
R2h4 Qf5 35. Qd8+ Kg7 36. Rxh7# 1-0

[Event "Titled Tue 10th Jun Early"]
[Site "chess.com INT"]
[Date "2025.06.10"]
[Round "9"]
[White "Lee, Junhyeok"]
[Black "Lau, Lut Yin Luke"]
[Result "1-0"]
[WhiteTitle "IM"]
[BlackTitle "CM"]
[WhiteElo "2434"]
[BlackElo "2243"]
[WhiteFideId "13202340"]
[BlackFideId "6002226"]
[EventDate "2025.06.10"]

1. d4 e6 2. c4 b6 3. a3 Bb7 4. Nc3 f5 5. Bf4 Nf6 6. e3 Be7 7. h3 O-O 8. Qc2 d6
9. O-O-O Nbd7 10. Bh2 a6 11. f3 Qe8 12. Nge2 b5 13. cxb5 Nb6 14. Nf4 Bd8 15.
bxa6 Bxa6 16. Bxa6 Rxa6 17. Qb3 d5 18. e4 fxe4 19. fxe4 g5 20. Nd3 Nc4 21. Nb4
Rb6 22. Rde1 Be7 23. exd5 Bxb4 24. axb4 Nd6 25. dxe6 Qa8 26. e7+ Rf7 27. Bxd6
cxd6 28. Nd5 Rc6+ 29. Kb1 1-0

[Event "Titled Tue 10th Jun Early"]
[Site "chess.com INT"]
[Date "2025.06.10"]
[Round "9"]
[White "Ivashentseva, Dominika"]
[Black "Lopez Abreu, Michel Samuel"]
[Result "1-0"]
[WhiteTitle "WCM"]
[BlackTitle "FM"]
[WhiteElo "1969"]
[BlackElo "2038"]
[WhiteFideId "34331050"]
[BlackFideId "3927903"]
[EventDate "2025.06.10"]

1. d4 Nf6 2. c4 g6 3. Nc3 d5 4. cxd5 Nxd5 5. Bd2 Bg7 6. e4 Nxc3 7. Bxc3 O-O 8.
Nf3 c5 9. d5 Nd7 10. Be2 Nf6 11. Qc2 b6 12. O-O Bb7 13. Rad1 a6 14. Bxf6 Bxf6
15. e5 Bg7 16. d6 exd6 17. exd6 Re8 18. h4 Qf6 19. d7 Red8 20. b3 Bc6 21. Ng5
Rxd7 22. Rxd7 Bxd7 23. Bc4 Rf8 24. Qd2 Be6 25. Nxe6 fxe6 26. Re1 Re8 27. Qd6 Kf7
28. Qxb6 Qd4 29. Rxe6 1-0

[Event "Titled Tue 10th Jun Early"]
[Site "chess.com INT"]
[Date "2025.06.10"]
[Round "9"]
[White "Mendes Aaron Reeve"]
[Black "Kovalenko, Igor"]
[Result "1-0"]
[WhiteTitle "IM"]
[BlackTitle "GM"]
[WhiteElo "2335"]
[BlackElo "2676"]
[WhiteFideId "25954938"]
[BlackFideId "14117908"]
[EventDate "2025.06.10"]

1. e4 c5 2. Nf3 e6 3. b3 b6 4. d4 cxd4 5. Nxd4 Bb7 6. Nd2 Bc5 7. Bb2 Qf6 8. Nc4
Nc6 9. Nf5 Bb4+ 10. Ke2 Qg6 11. Nfd6+ Kf8 12. Nxb7 Qxe4+ 13. Ne3 d5 14. Qd3 Qf4
15. c4 d4 16. g3 Qc7 17. Nc2 Qxb7 18. Bg2 a5 19. Nxd4 Nxd4+ 20. Qxd4 Qxg2 21.
Rhg1 Qc6 22. Qxg7+ Ke8 23. Qxh8 Qe4+ 24. Kf1 Qd3+ 25. Kg2 Qe4+ 26. f3 Qe2+ 27.
Kh3 Ke7 28. Qe5 Qxf3 29. Qg5+ Kd7 30. Rgf1 Qe2 31. Rxf7+ Ne7 32. Qb5+ Kc7 33.
Qe5+ Qxe5 34. Bxe5+ Kc6 35. a3 Bc5 36. Rxh7 Rc8 37. b4 axb4 38. axb4 Bxb4 39.
Ra7 b5 40. cxb5+ Kd5 41. Bc7 Bc5 42. Rh5+ e5 43. b6 Kc4 44. b7 1-0

[Event "Titled Tue 10th Jun Early"]
[Site "chess.com INT"]
[Date "2025.06.10"]
[Round "9"]
[White "Napoli, Nicolo"]
[Black "Troltenier, Dirk"]
[Result "1-0"]
[WhiteTitle "FM"]
[BlackTitle "FM"]
[WhiteElo "2264"]
[BlackElo "2174"]
[WhiteFideId "813702"]
[BlackFideId "4606400"]
[EventDate "2025.06.10"]

1. d4 d5 2. Nc3 Nf6 3. Bg5 Ne4 4. Nxe4 dxe4 5. f3 c5 6. c3 Qb6 7. fxe4 Qxb2 8.
Nf3 cxd4 9. cxd4 e6 10. Qc1 Bb4+ 11. Kf2 Qxc1 12. Rxc1 O-O 13. e3 Nd7 14. Bb5 a6
15. Ba4 Nb6 16. Bb3 Bd7 17. Rc7 Bc6 18. e5 Nd5 19. Bxd5 Bxd5 20. Be7 Bxe7 21.
Rxe7 Rfc8 22. Re1 Rc2+ 23. Re2 Rac8 24. Ne1 Rxe2+ 25. Kxe2 Kf8 26. Rd7 Ke8 27.
Rd6 Bxa2 28. e4 Bc4+ 29. Ke3 a5 30. Rb6 Ba6 31. d5 a4 32. dxe6 fxe6 33. Rxe6+
Kf7 34. Rd6 a3 35. Rd2 Rc3+ 36. Kd4 Rb3 37. Nc2 Rb2 38. Kc3 b5 39. Nxa3 b4+ 40.
Kxb2 1-0

[Event "Titled Tue 10th Jun Early"]
[Site "chess.com INT"]
[Date "2025.06.10"]
[Round "9"]
[White "Miserendino, Alfredo"]
[Black "Agarwal, Amaya"]
[Result "1-0"]
[BlackTitle "WCM"]
[WhiteElo "2032"]
[BlackElo "2004"]
[WhiteFideId "101800"]
[BlackFideId "48733580"]
[EventDate "2025.06.10"]

1. e4 c5 2. Nf3 d6 3. Bb5+ Nd7 4. d4 cxd4 5. Qxd4 Nf6 6. c4 a6 7. Bxd7+ Bxd7 8.
Nc3 e6 9. b3 Bc6 10. Bb2 Be7 11. O-O O-O 12. h3 Rc8 13. Rac1 Qd7 14. Rfd1 Rfd8
15. Qe3 Qc7 16. Nd5 exd5 17. cxd5 Qd7 18. dxc6 bxc6 19. Qe2 Re8 20. e5 Nd5 21.
exd6 Bf6 22. Qd2 Qxd6 23. Bxf6 Qxf6 24. Qd4 Qxd4 25. Nxd4 Nb4 26. a3 Nd5 27.
Rxc6 Rxc6 28. Nxc6 Nc3 29. Rd8 Rxd8 30. Nxd8 Nb5 31. a4 Nd4 32. b4 Kf8 33. Nb7
Ke7 34. Nc5 Kd6 35. Nxa6 Nc2 36. b5 Na3 37. Kf1 Nc4 38. Ke2 Kd7 39. g4 1-0

[Event "Titled Tue 10th Jun Early"]
[Site "chess.com INT"]
[Date "2025.06.10"]
[Round "9"]
[White "Huseynova, Dinara"]
[Black "Yevchenko, Oleksandr"]
[Result "1-0"]
[WhiteTitle "WCM"]
[BlackTitle "CM"]
[WhiteElo "1833"]
[BlackElo "2276"]
[WhiteFideId "13437313"]
[BlackFideId "14108267"]
[EventDate "2025.06.10"]

1. Nf3 d5 2. d4 Nf6 3. e3 Bf5 4. c4 c6 5. Qb3 Qb6 6. c5 Qxb3 7. axb3 Nbd7 8. Nc3
h6 9. b4 a6 10. b5 cxb5 11. Bxb5 Rc8 12. Be2 e6 13. b4 Be7 14. O-O Ne4 15. Nxe4
Bxe4 16. b5 axb5 17. Bxb5 Bxf3 18. gxf3 Bd8 19. Ra7 Rc7 20. Bd2 Ke7 21. Rfa1 b6
22. c6 Nb8 23. Bb4+ Kf6 24. Rxc7 Bxc7 25. Ra7 Rc8 26. e4 dxe4 27. fxe4 Kg5 28.
f3 Bf4 29. Ra8 Be3+ 30. Kg2 Bxd4 31. Bd6 Nxc6 32. Rxc8 Na5 33. Kg3 1-0

[Event "Titled Tue 10th Jun Early"]
[Site "chess.com INT"]
[Date "2025.06.10"]
[Round "9"]
[White "Bodemar, Jonathan"]
[Black "Torres Rebolledo, Alvaro"]
[Result "0-1"]
[WhiteTitle "CM"]
[BlackTitle "FM"]
[WhiteElo "2150"]
[BlackElo "2318"]
[WhiteFideId "6205488"]
[BlackFideId "54587670"]
[EventDate "2025.06.10"]

1. e4 d6 2. d4 Nf6 3. Nc3 e5 4. Nf3 Nbd7 5. Bc4 Be7 6. O-O O-O 7. a4 a5 8. b3 h6
9. Bb2 c6 10. Qe2 Re8 11. Rad1 Bf8 12. dxe5 dxe5 13. Nh4 Qc7 14. Bxf7+ Kxf7 15.
Qc4+ Re6 16. f4 Nb6 17. Qd3 Kg8 18. fxe5 Qxe5 19. Ng6 Bc5+ 20. Kh1 Qh5 21. Nf4
Qh4 22. Nxe6 Bxe6 23. g3 Qh3 24. Qf3 Bg4 25. Qg2 Qxg2+ 26. Kxg2 Bxd1 27. Rxd1
Ng4 28. Rd2 Ne3+ 29. Kf3 Rf8+ 30. Ke2 Nf1 31. Rd1 Rf2+ 32. Kd3 Ne3 0-1

[Event "Titled Tue 10th Jun Early"]
[Site "chess.com INT"]
[Date "2025.06.10"]
[Round "9"]
[White "Aswath, S"]
[Black "Iljin, Timofey"]
[Result "1-0"]
[WhiteTitle "IM"]
[BlackTitle "IM"]
[WhiteElo "2507"]
[BlackElo "2242"]
[WhiteFideId "46694919"]
[BlackFideId "14110180"]
[EventDate "2025.06.10"]

1. f4 b6 2. e4 Bb7 3. Nc3 e6 4. Nf3 Nf6 5. e5 Nd5 6. Nxd5 Bxd5 7. Be2 d6 8. O-O
Be7 9. d4 O-O 10. Be3 dxe5 11. fxe5 Bb7 12. Bd3 c5 13. dxc5 bxc5 14. Qe1 Ba6 15.
Be4 Nd7 16. Rf2 Rb8 17. b3 f5 18. exf6 Nxf6 19. Bf4 Rb4 20. c4 Ng4 21. Rd2 Qe8
22. Bd6 Kh8 23. Rad1 Bxd6 24. Rxd6 Rb6 25. Qh4 Nf6 26. Ng5 Rxd6 27. Rxd6 h6 28.
Rxa6 Nxe4 29. Nxe4 Qf7 30. h3 Qf1+ 31. Kh2 Rf4 32. Ng3 Qf2 33. Qd8+ Kh7 34. Qd3+
Kh8 35. Rxe6 1-0

[Event "Titled Tue 10th Jun Early"]
[Site "chess.com INT"]
[Date "2025.06.10"]
[Round "9"]
[White "Kravtsiv, Martyn"]
[Black "Deac, Bogdan-Daniel"]
[Result "1-0"]
[WhiteTitle "GM"]
[BlackTitle "GM"]
[WhiteElo "2598"]
[BlackElo "2674"]
[WhiteFideId "14113147"]
[BlackFideId "1226380"]
[EventDate "2025.06.10"]

1. e4 e6 2. d4 d5 3. exd5 exd5 4. Nf3 Nc6 5. c3 Bd6 6. Bd3 Nge7 7. O-O Bg4 8. b3
f6 9. Na3 a6 10. Nc2 Qd7 11. c4 Ng6 12. Re1+ Kd8 13. h3 Bh5 14. c5 Be7 15. g4
Bxg4 16. hxg4 Qxg4+ 17. Kh1 Nh4 18. Nxh4 Qxh4+ 19. Kg2 f5 20. Qf3 Rf8 21. Rh1
Qf6 22. Qxd5+ Kc8 23. Bf4 g5 24. Be5 Qg6 25. Bc4 Kb8 26. Qe6 Nxe5 27. dxe5 Qxe6
28. Bxe6 Bxc5 29. Bd7 Ka7 30. Rxh7 g4 31. e6 f4 32. e7 Rg8 33. Rd1 f3+ 34. Kg3
Bd6+ 35. Rxd6 cxd6 36. Ne3 1-0

[Event "Titled Tue 10th Jun Early"]
[Site "chess.com INT"]
[Date "2025.06.10"]
[Round "9"]
[White "Arabidze, Meri"]
[Black "Ilinca, Felix-Antonio"]
[Result "1/2-1/2"]
[WhiteTitle "IM"]
[BlackTitle "IM"]
[WhiteElo "2440"]
[BlackElo "2431"]
[WhiteFideId "13604040"]
[BlackFideId "54764998"]
[EventDate "2025.06.10"]

1. d4 Nf6 2. c4 c5 3. d5 b5 4. cxb5 a6 5. bxa6 e6 6. Nc3 exd5 7. Nxd5 Nxa6 8.
Nf3 Nxd5 9. Qxd5 Nc7 10. Qd2 d5 11. e3 Be7 12. Be2 O-O 13. b3 Be6 14. Bb2 Qb8
15. O-O Qb6 16. Qc3 Bf6 17. Qd2 Be7 18. Qc3 Bf6 19. Qd2 Bxb2 20. Qxb2 Rfc8 21.
Rfd1 h6 22. h3 Na6 23. Ne5 Nb4 24. Bg4 Ra6 25. a3 Nc6 26. Bxe6 fxe6 27. Nxc6
Qxc6 28. b4 Qb5 29. Qe5 Rca8 30. bxc5 Qxc5 31. Rac1 Qd6 32. Qxd6 Rxd6 33. Rc3
Rda6 34. Rdd3 Kf7 35. Rb3 Kf6 36. g4 Ra4 37. Kg2 h5 38. Kg3 hxg4 39. hxg4 Rc8
40. Rdc3 Rca8 41. f3 g5 42. Rd3 R8a7 43. Rdc3 Ra8 44. Rd3 R8a7 45. Rdc3 Ra8 1/2-1/2

[Event "Titled Tue 10th Jun Early"]
[Site "chess.com INT"]
[Date "2025.06.10"]
[Round "9"]
[White "Toktomushev, Teimur"]
[Black "Smieszek, Wojciech"]
[Result "1-0"]
[WhiteTitle "FM"]
[BlackTitle "CM"]
[WhiteElo "2390"]
[BlackElo "2141"]
[WhiteFideId "14176726"]
[BlackFideId "1156047"]
[EventDate "2025.06.10"]

1. d4 Nf6 2. c4 c5 3. d5 e6 4. Nc3 exd5 5. cxd5 d6 6. Nf3 g6 7. Nd2 Nbd7 8. e4
Bg7 9. Be2 O-O 10. O-O Re8 11. h3 a6 12. a4 Rb8 13. Re1 Ne5 14. Qc2 g5 15. Nf1
g4 16. hxg4 Nfxg4 17. Bxg4 Nxg4 18. Bf4 Ne5 19. Nd1 Qf6 20. Bg3 b5 21. axb5 axb5
22. Nde3 c4 23. b3 Nd3 24. bxc4 Nxe1 25. Rxe1 bxc4 26. Nxc4 Ba6 27. Nxd6 Red8
28. Ne3 Rb2 29. Qc7 Rdb8 30. e5 Qg6 31. Nef5 Bf8 32. e6 Rb1 33. Qxf7+ Qxf7 34.
exf7+ Kh8 35. Be5+ Bg7 36. Bxg7# 1-0

[Event "Titled Tue 10th Jun Early"]
[Site "chess.com INT"]
[Date "2025.06.10"]
[Round "9"]
[White "Hossain, Enamul"]
[Black "Nikulina, Alena"]
[Result "1-0"]
[WhiteTitle "GM"]
[BlackTitle "WFM"]
[WhiteElo "2347"]
[BlackElo "1875"]
[WhiteFideId "10200649"]
[BlackFideId "4172051"]
[EventDate "2025.06.10"]

1. e4 c5 2. Nf3 e6 3. b3 d5 4. Bb5+ Bd7 5. Qe2 dxe4 6. Ne5 Nc6 7. Bxc6 Bxc6 8.
Nxc6 bxc6 9. Qxe4 Qd5 10. Nc3 Qxe4+ 11. Nxe4 f6 12. Ba3 c4 13. Bxf8 Kxf8 14.
bxc4 Ne7 15. d3 Nf5 16. Rb1 Kf7 17. Rb7+ Kg6 18. Kd2 a5 19. h4 h5 20. g3 a4 21.
Rhb1 a3 22. R1b6 Rhc8 23. Nc5 e5 24. Ne6 Ra4 25. Rd7 Re8 26. Rxc6 Rb4 27. Ra7
Rb1 28. Rxa3 Rf1 29. Ke2 Rc1 30. Kd2 Rf1 31. Nc5 Rxf2+ 32. Ke1 Rxc2 33. Ne4 Nd4
34. Rc7 Re2+ 35. Kf1 Rh2 36. Raa7 Rb8 37. Rxg7+ Kf5 38. Rab7 Ra8 39. Rb6 Raxa2
40. Rxf6# 1-0

[Event "Titled Tue 10th Jun Early"]
[Site "chess.com INT"]
[Date "2025.06.10"]
[Round "9"]
[White "Tiitta, Sauli"]
[Black "Altynbek, Aiaru"]
[Result "0-1"]
[BlackTitle "WFM"]
[WhiteElo "2157"]
[BlackElo "1977"]
[WhiteFideId "502251"]
[BlackFideId "13752472"]
[EventDate "2025.06.10"]

1. g4 d5 2. h3 h5 3. g5 g6 4. d4 Bg7 5. Nc3 Bf5 6. Bg2 e6 7. Nf3 c5 8. O-O Nc6
9. Be3 Nge7 10. dxc5 d4 11. Nxd4 Nxd4 12. Bxb7 Rb8 13. Bxd4 Bxd4 14. c6 Bxc3 15.
Qxd8+ Kxd8 16. bxc3 Kc7 17. Rfd1 Rhd8 18. Kg2 Bxc2 19. Rxd8 Rxd8 20. f3 Nd5 21.
Kf2 Ba4 22. c4 Nf4 23. Ke3 e5 24. h4 Rd4 25. Rc1 Ng2+ 26. Kf2 Nxh4 27. e4 Rd3
28. Rh1 Rxf3+ 29. Ke2 Rf4 30. Rh3 Bxc6 31. Bxc6 Kxc6 32. Ra3 Kb6 33. Kd3 Rf3+
34. Kc2 Rxa3 0-1

[Event "Titled Tue 10th Jun Early"]
[Site "chess.com INT"]
[Date "2025.06.10"]
[Round "9"]
[White "Bartakke, Amardeep S."]
[Black "Safin Safarullakhan"]
[Result "0-1"]
[WhiteTitle "CM"]
[BlackTitle "CM"]
[WhiteElo "2116"]
[BlackElo "2028"]
[WhiteFideId "5003288"]
[BlackFideId "33379475"]
[EventDate "2025.06.10"]

1. e4 e6 2. d4 d5 3. Nd2 Nf6 4. e5 Nfd7 5. Bd3 c5 6. c3 Nc6 7. Ne2 Qb6 8. Nf3
cxd4 9. cxd4 Be7 10. O-O f5 11. exf6 Nxf6 12. a3 Bd7 13. b4 a6 14. Nc3 O-O 15.
Re1 Rac8 16. Na4 Qc7 17. Nc5 Bxc5 18. bxc5 Rce8 19. Bg5 e5 20. dxe5 Nxe5 21.
Nxe5 Rxe5 22. Rxe5 Qxe5 23. Bh4 Bg4 24. Qb1 Ne4 25. Bg3 Qd4 26. Ra2 Nc3 27.
Bxh7+ Kh8 28. Qa1 Kxh7 29. Rc2 Ne2+ 0-1

[Event "Titled Tue 10th Jun Early"]
[Site "chess.com INT"]
[Date "2025.06.10"]
[Round "9"]
[White "Komov, Roman"]
[Black "Palczert, Matyas"]
[Result "0-1"]
[WhiteTitle "FM"]
[BlackTitle "FM"]
[WhiteElo "2239"]
[BlackElo "2396"]
[WhiteFideId "24175714"]
[BlackFideId "784958"]
[EventDate "2025.06.10"]

1. e4 e5 2. Bc4 Nf6 3. Nc3 Nc6 4. d3 Na5 5. Qf3 c6 6. Nge2 b5 7. Bb3 d6 8. h3
Be7 9. Ng3 O-O 10. Nf5 Bxf5 11. Qxf5 Nxb3 12. axb3 a5 13. O-O Nd7 14. f4 g6 15.
Qg4 f5 16. exf5 Rxf5 17. Be3 d5 18. Ne2 Nf6 19. Qf3 e4 20. Qf2 exd3 21. cxd3 Nd7
22. Rac1 c5 23. Ng3 Rf7 24. f5 Ne5 25. Rfd1 Bh4 26. Qf4 Bxg3 27. Qxg3 Rxf5 28.
Rxc5 Qd6 29. Kh2 d4 30. Rf1 Rxf1 31. Rxe5 dxe3 32. Re8+ Rxe8 33. Qxd6 e2 34.
Qd5+ Rf7 35. b4 e1=Q 36. d4 Qe6 37. Qc5 Qf5 0-1

[Event "Titled Tue 10th Jun Early"]
[Site "chess.com INT"]
[Date "2025.06.10"]
[Round "9"]
[White "Arkell, Keith C"]
[Black "Sanhueza, Cristian"]
[Result "1-0"]
[WhiteTitle "GM"]
[BlackTitle "FM"]
[WhiteElo "2343"]
[BlackElo "2213"]
[WhiteFideId "400270"]
[BlackFideId "116815"]
[EventDate "2025.06.10"]

1. d4 Nf6 2. Nf3 g6 3. c4 Bg7 4. Nc3 O-O 5. g3 d6 6. Bg2 Nc6 7. O-O a6 8. b3 Rb8
9. Nd5 e6 10. Nxf6+ Qxf6 11. Bb2 Qe7 12. Qd2 e5 13. e4 Bd7 14. d5 Nd8 15. Ne1 f5
16. Nd3 Nf7 17. f4 exf4 18. Bxg7 Kxg7 19. Nxf4 fxe4 20. Rae1 Rbe8 21. Bxe4 Ne5
22. Bg2 b6 23. Nd3 Rxf1+ 24. Rxf1 Nxd3 25. Qxd3 Qe3+ 26. Qxe3 Rxe3 27. Kf2 Rc3
28. Re1 Kf6 29. Be4 Bf5 30. Bxf5 gxf5 31. Re6+ Kf7 32. Rh6 Kg7 33. Re6 Kf7 34.
Rh6 Rc2+ 35. Ke3 Kg7 36. Re6 Rxh2 37. Re7+ Kf6 38. Rxc7 Rxa2 39. Rd7 b5 40.
Rxd6+ Ke7 41. Re6+ Kd7 42. c5 Ra3 43. c6+ Kd8 44. d6 Rxb3+ 45. Kd4 Rb1 46. Re7
Rc1 47. c7+ Kc8 48. Re8+ Kb7 49. Rb8+ Ka7 50. c8=Q Rxc8 51. Rxc8 1-0

[Event "Titled Tue 10th Jun Early"]
[Site "chess.com INT"]
[Date "2025.06.10"]
[Round "9"]
[White "Todorovic, Bojan"]
[Black "Montano Vicente, Guadalupe"]
[Result "1-0"]
[WhiteTitle "FM"]
[WhiteElo "2111"]
[BlackElo "1938"]
[WhiteFideId "917087"]
[BlackFideId "5181399"]
[EventDate "2025.06.10"]

1. d4 Nf6 2. c4 b6 3. Nc3 Bb7 4. f3 d5 5. cxd5 Nxd5 6. e4 Nxc3 7. bxc3 e5 8. Be3
exd4 9. cxd4 Bb4+ 10. Kf2 O-O 11. Nh3 Nd7 12. Nf4 c5 13. d5 Ne5 14. Qc2 Qf6 15.
Be2 Kh8 16. h4 Ng6 17. Nxg6+ fxg6 18. Rac1 Rae8 19. a3 Ba5 20. Qd3 h6 21. g3 Rf7
22. Kg2 Rfe7 23. Bf4 Qb2 24. Rc2 Qf6 25. Bd1 b5 26. Qxb5 Bb6 27. Qc4 Rd7 28. Be2
Red8 29. Rd1 g5 30. hxg5 hxg5 31. d6 g6 32. Bc1 1-0

[Event "Titled Tue 10th Jun Early"]
[Site "chess.com INT"]
[Date "2025.06.10"]
[Round "9"]
[White "Kotyk, Michael"]
[Black "Sadubayev, Airat"]
[Result "0-1"]
[WhiteTitle "CM"]
[BlackTitle "FM"]
[WhiteElo "2241"]
[BlackElo "2211"]
[WhiteFideId "16214501"]
[BlackFideId "13713264"]
[EventDate "2025.06.10"]

1. d4 d5 2. c4 e6 3. Nc3 Be7 4. e4 dxe4 5. Nxe4 Nf6 6. Nxf6+ Bxf6 7. Nf3 O-O 8.
Be2 b6 9. O-O Bb7 10. Be3 Nd7 11. Qa4 c5 12. Rfd1 Qc7 13. Rd2 cxd4 14. Bxd4 Nc5
15. Qa3 Bxd4 16. Rxd4 a5 17. Rad1 Rad8 18. Qe3 h6 19. h4 Rxd4 20. Rxd4 Rd8 21.
Ne5 Rd6 22. Bh5 g6 23. Rg4 Rd1+ 24. Kh2 Nd3 25. f4 Nxe5 26. fxe5 Rd7 27. Qxh6
Qxe5+ 28. Kh3 Rd3+ 29. g3 Bg2+ 30. Kh2 Be4 31. Bxg6 Qxb2+ 32. Kh3 Qg2# 0-1